| 000 | 00856nam a2200277 a 4500 | ||
|---|---|---|---|
| 001 | 76029 | ||
| 003 | BD-RjUL | ||
| 005 | 20211209082758.0 | ||
| 008 | 191015s1953 nyu 000 0 eng | ||
| 035 | _a(BD-RjUL)76248 | ||
| 035 | _a(OCoLC)912099 | ||
| 040 |
_aDLC _cPPi _dUk _dOCoLC _dDLC _dBD-RjUL _beng |
||
| 041 | _aeng | ||
| 042 | _apremarc | ||
| 082 |
_223 _a657.45 _bCAI 1962 |
||
| 100 | 1 |
_aCadmus, Bradford. _9233693 |
|
| 245 | 1 | 0 |
_aInternal control against fraud and waste / _cby Bradford Cadmus and Arthur J. E. Child. Developed as a project of the Institute of Internal Auditors. |
| 260 |
_aNew York : _bPrentice-Hall, _c1953. |
||
| 300 |
_a318 p.; _c24 cm. |
||
| 650 | 0 |
_aAuditing. _9233694 |
|
| 700 | 1 |
_aChild, Arthur J. E., _d1910- _9233696 |
|
| 942 |
_2ddc _cBK |
||
| 999 |
_c76029 _d76029 |
||